[Event "Vojvodina Quality League m"]
[Site "Sremska Mitrovica SRB"]
[Date "2006.09.25"]
[Round "6"]
[White "Mastilovich,R"]
[Black "Vajdic,N"]
[Result "0-1"]
[WhiteElo "2055"]
[BlackElo "2260"]

1.d4 Nf6 2.Bg5 Ne4 3.Bf4 c5 4.f3 Qa5+ 5.c3 Nf6 6.d5 e6 7.e4 Qb6 8.Bc1 exd5
9.exd5 Be7 10.c4 O-O 11.Bd3 d6 12.Ne2 Nbd7 13.f4 Re8 14.Nbc3 Ng4 15.O-O Bf8
16.Rf3 g6 17.h3 Ngf6 18.a4 a6 19.g4 Bg7 20.Ng3 h6 21.Qc2 Qd8 22.Bd2 Nh7 23.Kg2 Nhf8
24.Nce4 Nf6 25.Raf1 Nxe4 26.Nxe4 f5 27.Nf2 Qf6 28.Bc3 Qf7 29.Bxg7 Kxg7 30.Kh2 b5
31.b3 Qf6 32.Rg1 Kh8 33.gxf5 bxc4 34.bxc4 Bxf5 35.Ng4 Bxg4 36.Rxg4 Rab8 37.Rf2 h5
38.Rg3 h4 39.Rg4 Re3 40.Qd2 Rg3 41.Rg2 Rxg4 42.hxg4 Rb3 43.Bc2 Rf3 44.Rf2 Rg3
45.g5 Qa1 46.Bd1 Kg8 47.Qe2 Qc3 48.Rf3 Rxf3 49.Qxf3 Qxc4 50.Kh3 Qb4 51.Kxh4 Qe1+
52.Kh3 c4 53.Bc2 c3 54.f5 gxf5 55.Bxf5 Qe5 56.g6 Kg7 57.Be4 Qf6 58.Qd3 Qe5
59.Qc2 Nd7 60.Qf2 Qh5+ 61.Qh4 Qxh4+ 62.Kxh4 Nf6 63.Bd3 Nxd5 64.Kg3 Nb4 65.Bf5 c2
66.Bxc2 Nxc2 67.Kf4 Nb4 68.a5 Nc6  0-1

[Event "15th TCh-CRO"]
[Site "Sibenik CRO"]
[Date "2006.09.27"]
[Round "6"]
[White "Martinovic,Sa"]
[Black "Vitic,I"]
[Result "1/2-1/2"]
[WhiteElo "2367"]
[BlackElo "2331"]

1.d4 Nf6 2.Bg5 Ne4 3.Bf4 c5 4.f3 Qa5+ 5.c3 Nf6 6.d5 Nh5 7.Bd2 e5 8.e4 d6
9.Na3 Qd8 10.Bb5+ Bd7 11.Bxd7+ Nxd7 12.Ne2 Be7 13.Nc4 b5 14.Ne3 g6 15.c4 a6
16.cxb5 axb5 17.a4 bxa4 18.Nc4 O-O 19.O-O f5 20.exf5 gxf5 21.Rxa4 Rxa4 22.Qxa4 Nb6
23.Nxb6 Qxb6 24.Qd7 Qd8 25.Qb7 Bg5 26.f4 Nxf4 27.Nxf4 Bxf4 28.Bxf4 exf4 29.Rxf4 Qg5
30.Rf3 Qc1+ 31.Rf1 Qe3+ 32.Kh1 Qe2 33.Kg1 Qe3+ 34.Kh1 Qe2 35.Kg1 Qe3+ 36.Kh1  1/2-1/2

[Event "1st TCH-MNE"]
[Site "Herceg Novi MNE"]
[Date "2006.09.28"]
[Round "7"]
[White "Prijovic,M"]
[Black "Brajovic,R"]
[Result "0-1"]
[WhiteElo "2144"]
[BlackElo "2279"]

1.d4 Nf6 2.Bg5 Ne4 3.h4 c5 4.dxc5 Qa5+ 5.Nd2 e6 6.c3 Nxd2 7.Qxd2 Qxc5 8.h5 f6
9.Bf4 d5 10.e3 e5 11.Bg3 Be6 12.Bd3 Nc6 13.Ne2 Be7 14.f3 O-O 15.Bf2 Qd6 16.g4 f5
17.gxf5 Bxf5 18.f4 Bxd3 19.Qxd3 Rad8 20.O-O-O a6 21.Bh4 Qe6 22.Bxe7 Qxe7
23.Rdg1 e4 24.Qd2 Qc5 25.Kb1 b5 26.Rg5 h6 27.Rg6 Rd6 28.Rg2 Rf7 29.Rhg1 a5
30.Nd4 Nxd4 31.cxd4 Qc7 32.Rc1 Rc6 33.Rxc6 Qxc6 34.Qxa5 Rc7 35.Qe1 b4 36.Qd1 b3
37.axb3 Qb5 38.Rg6 Rb7 39.Rg3 Qa5  0-1

[Event "1st TCH-MNE"]
[Site "Herceg Novi MNE"]
[Date "2006.09.29"]
[Round "8"]
[White "Prijovic,M"]
[Black "Brenjo,S"]
[Result "0-1"]
[WhiteElo "2144"]
[BlackElo "2490"]

1.d4 Nf6 2.Bg5 Ne4 3.h4 c5 4.dxc5 Na6 5.Nd2 Naxc5 6.Nxe4 Nxe4 7.Qd4 Nxg5
8.hxg5 Qa5+ 9.Qd2 Qxd2+ 10.Kxd2 g6 11.g3 Bg7 12.c3 h6 13.Nf3 hxg5 14.Rxh8+ Bxh8
15.Nxg5 f6 16.Nf3 d5 17.Bg2 Bd7 18.Rh1 Bg7 19.Nh4 g5 20.Nf3 e5 21.Ne1 Be6
22.Nd3 Rd8 23.Nc5 Bc8 24.Nb3 b6 25.Kc1 Be6 26.e3 a5 27.Re1 Kf7 28.Rd1 Ke7
29.Kb1 g4 30.Re1 Rh8 31.Rh1 Rxh1+ 32.Bxh1 f5 33.Kc2 Kd6 34.Bg2 a4 35.Nc1 d4
36.Bf1 dxe3 37.fxe3 Bh6 38.Kd3 f4 39.exf4 exf4 40.gxf4 Bxf4 41.Ne2 Ke5 42.c4 g3
43.Nd4 Bd7 44.Bg2 Kd6 45.b4 axb3 46.axb3 Kc5 47.Kc3 Bd2+ 48.Kd3 Be1 49.Nf3 Bf5+
50.Ke2 Bc3 51.Ke3 Bc2 52.Kf4 Bxb3 53.Kxg3 Bxc4 54.Kf2 b5 55.Ng5 b4 56.Be4 b3
57.Ke3 Kb4 58.Nf3 Bg7 59.Ng1 Bh6+ 60.Kd4 Bf8 61.Nf3 Bc5+ 62.Ke5 Kc3 63.Ng5 Bd3
64.Kd5 Be3 65.Nf3 b2  0-1

[Event "1st TCH-MNE"]
[Site "Herceg Novi MNE"]
[Date "2006.10.01"]
[Round "10"]
[White "Milovic,J"]
[Black "Savic,Miom"]
[Result "1/2-1/2"]
[WhiteElo "2271"]
[BlackElo "2221"]

1.d4 Nf6 2.Bg5 Ne4 3.h4 c5 4.dxc5 Qa5+ 5.Nd2 Nxg5 6.hxg5 Qxc5 7.Ngf3 Nc6
8.e3 g6 9.Nb3 Qb6 10.c3 Bg7 11.Bc4 d6 12.Rh4 O-O 13.Qc2 Bf5 14.e4 Be6 15.Bxe6 fxe6
16.Nc1 Rac8 17.Qb3 Qxb3 18.Nxb3 Ne5 19.Nxe5 Bxe5 20.Ke2 Rf4 21.Rah1 Rcf8
22.f3 Rxh4 23.Rxh4 b6 24.Ke3 Bg7 25.Nc1 e5 26.Nd3 e6 27.Rh1 Rc8 28.g3 a5
29.Nf2 d5 30.Ng4 b5 31.Rd1 Rd8 32.b3  1/2-1/2

[Event "Corporacion del Sur A"]
[Site "Buenos Aires ARG"]
[Date "2006.10.03"]
[Round "2"]
[White "Cordova,Em"]
[Black "Roselli Mailhe,B"]
[Result "1/2-1/2"]
[WhiteElo "2482"]
[BlackElo "2445"]

1.d4 Nf6 2.Bg5 Ne4 3.Bf4 c5 4.f3 Qa5+ 5.c3 Nf6 6.d5 d6 7.e4 g6 8.Qd2 Nbd7
9.Na3 Bg7 10.Bh6 Bxh6 11.Qxh6 Rb8 12.g4 b5 13.Qd2 h6 14.Ne2 Ne5 15.Bg2 b4
16.cxb4 Qxb4 17.Qxb4 Rxb4 18.b3 g5 19.h4 Rg8 20.hxg5 hxg5 21.Kf2 Ba6 22.Nc2 Rb8
23.Ng3 Kd7 24.Nh5 Nh7 25.Bh3 Nf8 26.Ne3 Nfg6 27.Nf5 Rgf8 28.Kg3 Bd3 29.Rhe1 c4
30.Nd4 Rb4 31.Re3 cxb3 32.Nxb3 e6 33.dxe6+ fxe6 34.Rd1 Ba6 35.Nd4 Ra4 36.a3 Rc4
37.Bf1 Ra4 38.Bxa6 Rxa6 39.Ng7 Nf4 40.Rh1 Nf7 41.Rh7 Ke7 42.Nh5 Ra4 43.Ne2 Nxe2+
44.Rxe2 Rxa3 45.Rb2 Ra6 46.Rf2 Ra3  1/2-1/2

[Event "56th TCh-BUL w"]
[Site "Sunny Beach BUL"]
[Date "2006.10.09"]
[Round "5"]
[White "Andreeva,P"]
[Black "Maksimovic,S"]
[Result "0-1"]
[WhiteElo "2064"]
[BlackElo "2266"]

1.d4 Nf6 2.Bg5 Ne4 3.Bf4 c5 4.f3 Nf6 5.dxc5 Na6 6.e4 Nxc5 7.Nc3 d6 8.Bc4 e5
9.Be3 Be6 10.Nd5 Nxd5 11.Bxd5 Qc7 12.Ne2 Be7 13.O-O O-O 14.Nc3 a6 15.Qe2 Rac8
16.Kh1 b5 17.a3 Nd7 18.f4 exf4 19.Bxf4 Bf6 20.Bxe6 fxe6 21.Qg4 Nc5 22.Rf3 Qe7
23.Rd1 Rfd8 24.Bc1 Nd7 25.Rh3 Ne5 26.Qe2 Rf8 27.Rf1 Bg5 28.Bxg5 Rxf1+ 29.Qxf1 Qxg5
30.Qd1 Rf8 31.Kg1 Qf4 32.Qe1 Qg5 33.Rg3 Qf4 34.Re3 Ng4 35.Rg3 h5 36.h3 Ne5
37.Re3 Rf6 38.Nd1 h4 39.Qf2 Qg5 40.Qe2 Nc4 41.Rd3 Qc5+ 42.Kh2 Rf4 43.b3 Qe5
44.Kh1 Rxe4 45.Qxe4 Qxe4 46.bxc4 bxc4 47.Rxd6 Qe1+  0-1

[Event "Corporacion del Sur A"]
[Site "Buenos Aires ARG"]
[Date "2006.10.10"]
[Round "8"]
[White "Cordova,Em"]
[Black "Needleman,G"]
[Result "1-0"]
[WhiteElo "2482"]
[BlackElo "2427"]

1.d4 Nf6 2.Bg5 Ne4 3.Bf4 c5 4.f3 Nf6 5.dxc5 e5 6.Bxe5 Bxc5 7.Bd4 Bxd4 8.Qxd4 O-O
9.Nc3 d5 10.O-O-O Nc6 11.Qh4 Qb6 12.e4 Rd8 13.Bd3 Ne5 14.exd5 Nxd3+ 15.Rxd3 Bf5
16.Rd2 Qa5 17.Nge2 b5 18.a3 Rac8 19.Qb4 Qb6 20.Qxb5 Qe3 21.Nd4 Bg6 22.Nc6 Rd7
23.Qe2 Qc5 24.Re1 Kf8 25.Qe3 Qxe3 26.Rxe3  1-0

[Event "Corporacion del Sur A"]
[Site "Buenos Aires ARG"]
[Date "2006.10.10"]
[Round "8"]
[White "Fier,A"]
[Black "Roselli Mailhe,B"]
[Result "0-1"]
[WhiteElo "2490"]
[BlackElo "2445"]

1.d4 Nf6 2.Bg5 Ne4 3.Bh4 d5 4.f3 Nd6 5.Nc3 c5 6.dxc5 Nf5 7.Bf2 d4 8.e4 dxe3
9.Qxd8+ Kxd8 10.O-O-O+ Bd7 11.Be1 Nc6 12.Ne4 Ke8 13.c3 g6 14.b4 a6 15.Ne2 Ng7
16.Nf4 Ne6 17.Nd5 Bh6 18.Be2 f5 19.Ng3 Rd8 20.Rf1 Ne5 21.c4 Nxc4 22.Bc3 Rf8
23.Bg7 Bxg7 24.Bxc4 f4 25.Ne2 Bb5 26.Bxb5+ axb5 27.g3 g5 28.gxf4 gxf4 29.Rg1 Be5
30.Kc2 Kf7 31.Rg4 Rg8 32.h3 h5 33.Rxg8 Rxg8 34.Kd3 Rg2 35.Re1 Bb8 36.h4 Rh2
37.Ndc3 Rxh4 38.Nxb5 Ng5 39.Nbd4 e5 40.Nf5 Nxf3 41.Rc1 Rh2 42.b5 Ng5 43.c6 bxc6
44.Nh6+ Ke7 45.Nf5+ Kd8 46.Nc3 c5 47.Nd5 Rxa2 48.Rg1 Rd2+ 49.Kc4 e2 50.Nc3 f3
51.Rb1 Bc7 52.Ng3 e4 53.Ngxe2 fxe2 54.Re1 Be5 55.Nxe2 Nf3 56.Rh1 Rxe2 57.Rxh5 Rd2
58.Rf5 Ke7  0-1

[Event "7th Veselin Boskovic Mem Op"]
[Site "Beograd SRB"]
[Date "2006.10.11"]
[Round "9"]
[White "Martinovic,Sl"]
[Black "Arsovic,G"]
[Result "0-1"]
[WhiteElo "2440"]
[BlackElo "2470"]

1.d4 Nf6 2.Bg5 Ne4 3.Bf4 c5 4.f3 Qa5+ 5.c3 Nf6 6.d5 e6 7.e4 exd5 8.exd5 d6
9.Qe2+ Be7 10.Bxd6 Nxd5 11.Bxe7 Nxe7 12.Qb5+ Qxb5 13.Bxb5+ Nbc6 14.Nd2 O-O
15.Ne4 b6 16.Ne2 Rd8 17.Nf4 Ne5 18.O-O Bd7 19.a4 c4 20.Rfe1 f6 21.Rad1 Bxb5
22.axb5 Nf5 23.Kf2 Kf7 24.Rxd8 Rxd8 25.Ra1 Rd7 26.Nh5 Nd3+  0-1

[Event "WJun"]
[Site "Yerevan ARM"]
[Date "2006.10.12"]
[Round "9"]
[White "Corrales,Fi"]
[Black "Behmardi,K"]
[Result "1-0"]
[WhiteElo "2496"]
[BlackElo "2210"]

1.d4 Nf6 2.Bg5 Ne4 3.Bf4 e6 4.Nd2 Bd6 5.Nxe4 Bxf4 6.e3 Bh6 7.g4 O-O 8.h4 f5
9.g5 fxe4 10.Nh3 c5 11.gxh6 Nc6 12.hxg7 Rf5 13.Ng5 Qe7 14.Bh3 Rxg5 15.hxg5 cxd4
16.Qh5 Qxg7 17.Bg2 dxe3 18.Bxe4 exf2+ 19.Kf1 d5 20.Qe8+  1-0

[Event "22nd ECU Club Cup"]
[Site "Feugen AUT"]
[Date "2006.10.14"]
[Round "7"]
[White "Limontas,M"]
[Black "Van Wessel,R"]
[Result "0-1"]
[WhiteElo "2306"]
[BlackElo "2321"]

1.d4 Nf6 2.Bg5 Ne4 3.Bf4 d5 4.f3 Nf6 5.c4 e6 6.Nc3 c5 7.Nb5 Na6 8.e4 dxe4
9.fxe4 cxd4 10.Bd3 Bb4+ 11.Kf1 Nd7 12.e5 Be7 13.a3 g5 14.Bg3 Nf8 15.b4 Ng6
16.Ne2 Nb8 17.Nexd4 a6 18.Bxg6 axb5 19.Bh5 bxc4 20.Qf3 O-O 21.Rd1 Qb6 22.Bf2 Qc7
23.Qe3 Nd7 24.Re1 c3 25.Kg1 c2 26.Nf3 b6 27.h4 g4 28.Bxg4 Bb7 29.Qh6 Rfc8
30.Ng5 Bxg5 31.Qxg5+ Kh8 32.Kh2 Rg8 33.Qf4 Rxg4 34.Qxg4 Rg8 35.Qf4 Rxg2+
36.Kh3 Rxf2 37.Qxf2 Bxh1 38.Qd2 Be4 39.Rg1 Bf5+ 40.Kg2 Nxe5 41.Qh6 Ng6 42.h5 Qf4  0-1

[Event "22nd ECU Club Cup"]
[Site "Feugen AUT"]
[Date "2006.10.14"]
[Round "7"]
[White "Thorfinnsson,Bj"]
[Black "Kalod,R"]
[Result "1-0"]
[WhiteElo "2317"]
[BlackElo "2484"]

1.d4 Nf6 2.Bg5 Ne4 3.Bf4 d5 4.Nd2 Nf6 5.e3 g6 6.Bd3 Bg7 7.Ngf3 O-O 8.c4 c5
9.dxc5 Na6 10.Be2 Nxc5 11.Be5 b6 12.O-O Bb7 13.Rc1 Rc8 14.b4 Ncd7 15.Bd4 Re8
16.Qa4 a6 17.Qb3 e5 18.Bb2 Qe7 19.Rfd1 e4 20.Nd4 Ne5 21.b5 axb5 22.Nxb5 Nfd7
23.Na7 Ra8 24.Ba3 Qh4 25.Nb5 Bc6 26.g3 Qh3 27.Bf1 Qh5 28.cxd5 Bxb5 29.Bxb5 Ng4
30.h4 Qf5 31.Rf1 Nde5 32.Bxe8 Rxe8 33.Qa4 b5 34.Qxe4 Qd7 35.d6 Nc4 36.Rxc4 bxc4
37.Qxc4 Ra8 38.Bb4 Rc8 39.Qe4 Nf6 40.Qf3 Qe6 41.Nb3 Nd5 42.Bc5 Nc3 43.Qb7 Be5
44.Kg2 Rd8 45.Nd4 Qd7 46.Qxd7 Rxd7 47.Rc1 Na4 48.Nb5 f5 49.Bd4 Bxd6 50.Rc4 Rb7
51.Nxd6  1-0

[Event "WJun"]
[Site "Yerevan ARM"]
[Date "2006.10.16"]
[Round "13"]
[White "Le Quang Liem"]
[Black "Gupta,Ab"]
[Result "1/2-1/2"]
[WhiteElo "2519"]
[BlackElo "2481"]

1.d4 Nf6 2.Bg5 Ne4 3.Bf4 d5 4.e3 c5 5.Bd3 Nf6 6.c4 Nc6 7.Nc3 Be6 8.cxd5 Nxd5
9.Nge2 cxd4 10.exd4 g6 11.O-O Bg7 12.Be3 O-O 13.Rc1 Bg4 14.h3 Bxe2 15.Bxe2 Nxe3
16.fxe3 e6 17.Bf3 Rc8 18.Kh1 Ne7 19.g4 Qa5 20.Qe2 b6 21.Qb5 Qxb5 22.Nxb5 Bh6
23.Nxa7 Rxc1 24.Rxc1 Nd5 25.Bxd5 exd5 26.Rc3 Re8 27.Rc8 Kf8 28.Rxe8+ Kxe8
29.Nc8 Kd7 30.Nxb6+ Kc6 31.Na4 Bxe3 32.Nc5 Kb5 33.Nb3 Kc4 34.Kg2 f5 35.gxf5 gxf5
36.Kf3 f4 37.Ke2 h6 38.Nd2+ Kxd4 39.h4 Bxd2  1/2-1/2

[Event "XI WCh-Blind"]
[Site "Goa IND"]
[Date "2006.10.18"]
[Round "9"]
[White "Larduet,C"]
[Black "Smirnov,Sergei"]
[Result "1-0"]
[WhiteElo "2308"]
[BlackElo "2288"]

1.d4 Nf6 2.Bg5 Ne4 3.Bf4 c5 4.f3 Qa5+ 5.c3 Nf6 6.Nd2 cxd4 7.Nb3 Qb6 8.Qxd4 Qxd4
9.cxd4 Nc6 10.e4 e6 11.a3 d5 12.e5 Nd7 13.Be3 Nb6 14.Rc1 Be7 15.Bd3 O-O 16.f4 a5
17.Nf3 a4 18.Nbd2 Bd7 19.Ke2 Rfc8 20.Rc3 Na5 21.Rhc1 Nbc4 22.Nxc4 Nxc4 23.Bxc4 dxc4
24.Ne1 b5 25.Nc2 Bc6 26.g3 h6 27.Nb4 Bb7 28.g4 Be4 29.Bf2 Rd8 30.Ke3 Bb7
31.h4 f6 32.exf6 gxf6 33.Rg1 Kf7 34.Ke2 Rd7 35.Rh3 Rh8 36.Be3 Rdd8 37.Rh2 Rc8
38.Kd2 Rcg8 39.Rh3 Rg7 40.Rhg3 f5 41.gxf5 Rxg3 42.fxe6+ Kxe6 43.Rxg3 Bxh4
44.Rg6+ Bf6 45.d5+ Bxd5 46.Bd4 Rf8 47.Nxd5 Kxd5 48.Bxf6 h5 49.Ke3 Re8+ 50.Be5 b4
51.axb4 c3 52.Kd3  1-0

[Event "WYB18"]
[Site "Batumi GEO"]
[Date "2006.10.20"]
[Round "2"]
[White "Banawa,Joe"]
[Black "Tulay,B"]
[Result "1-0"]
[WhiteElo "2282"]
[BlackElo "2153"]

1.d4 Nf6 2.Bg5 Ne4 3.Bf4 c5 4.f3 Nf6 5.d5 Nh5 6.Bg5 h6 7.Bh4 Qb6 8.Nd2 Qxb2
9.e4 Qb6 10.Rb1 Qc7 11.Nc4 d6 12.Ne2 b5 13.Rxb5 Ba6 14.Nc3 Bxb5 15.Nxb5 Qb7
16.Qb1 Qc8 17.e5 g5 18.Bf2 dxe5 19.d6 Nd7 20.Qb3 Bg7 21.dxe7 Kxe7 22.Ncd6 Qf8
23.Qd5 a6 24.Nf5+ Kf6 25.Qc6+  1-0

[Event "III Open"]
[Site "Calvia ESP"]
[Date "2006.10.20"]
[Round "1"]
[White "Aaberg,A"]
[Black "Reutter,F"]
[Result "1-0"]
[WhiteElo "2393"]
[BlackElo "1941"]

1.d4 Nf6 2.Bg5 Ne4 3.Bh4 g5 4.f3 gxh4 5.fxe4 c5 6.e3 Bh6 7.Kf2 Qb6 8.Nc3 e6
9.Nf3 cxd4 10.Qxd4 Ke7 11.e5 Qxd4 12.exd4 Nc6 13.d5 exd5 14.Nxd5+ Kd8 15.Nf6 Bg7
16.Bc4 Ke7 17.Rhe1 Bxf6 18.exf6+ Kxf6 19.Rad1 d5 20.Bxd5 Nb4 21.Bb3 Bf5 22.Rd6+ Kg7
23.Nxh4 Bxc2 24.Bxc2 Nxc2 25.Nf5+ Kf8 26.Re7 Rg8 27.Rdd7 Rg6 28.Rxf7+ Kg8
29.Rxb7 Rd8 30.Rbd7 Rb8 31.b3 h5 32.Rxa7 Rd8 33.Rg7+ Rxg7 34.Rxg7+ Kh8 35.Rg5 Rd2+
36.Kf3 Ne1+ 37.Ke3 Rxa2 38.Rxh5+ Kg8 39.g3 Ng2+ 40.Kd3 Ne1+ 41.Ke4 Re2+ 42.Kf4 Rb2
43.Nd4 Nd3+ 44.Ke3 Nc1 45.Rc5 Nxb3 46.Nxb3 Rxb3+ 47.Kf4 Rb2 48.h4 Kg7 49.Kg5 Rb6
50.h5 Kh7 51.g4 Rb4 52.h6 Ra4 53.Kh5 Ra1 54.Rc7+ Kg8 55.g5 Ra5 56.Re7 Ra6
57.Kg4 Rg6 58.Kf5 Rc6 59.g6 Rc5+ 60.Re5 Rc8 61.Kg5 Rf8 62.h7+ Kg7 63.Re7+  1-0

[Event "TCh-BEL 2006-7"]
[Site "Belgium BEL"]
[Date "2006.10.22"]
[Round "2"]
[White "Nieto,E"]
[Black "Le Quang,K"]
[Result "1-0"]
[WhiteElo "2193"]
[BlackElo "2328"]

1.d4 Nf6 2.Bg5 Ne4 3.Bf4 d5 4.f3 Nf6 5.Nc3 e6 6.e4 Be7 7.Qd2 O-O 8.O-O-O a6
9.exd5 exd5 10.Qf2 b5 11.g4 b4 12.Na4 Bd7 13.Nc5 Bb5 14.Bxb5 axb5 15.Kb1 Nfd7
16.Nd3 Nc6 17.Ne2 Qb8 18.Ng3 Qa7 19.Nc1 Bf6 20.Nf5 Ne7 21.Nxe7+ Bxe7 22.Rhe1 Rfe8
23.Re3 Bf6 24.g5 Rxe3 25.Qxe3 Bd8 26.Qe8+ Nf8 27.Qxb5 Ne6 28.Qe8+ Nf8 29.Qc6 Qa5
30.Bd2 Be7 31.Re1 Ne6 32.c3 Rd8 33.cxb4 Qa7 34.Nb3 Qb8 35.a3 Bxg5 36.Rxe6 Bxd2
37.Re5 Bf4 38.Rxd5 Rxd5 39.Qxd5 Bxh2 40.b5 Qe8 41.a4 Qe1+ 42.Ka2 g6 43.Qc4 h5
44.a5 h4 45.a6 Qe8 46.Qc6 Qb8 47.Nc5 h3 48.Qb7 Qxb7 49.axb7 c6 50.bxc6 Bf4
51.Na6 h2 52.c7 h1=Q 53.c8=Q+ Kg7 54.b8=Q Bxb8 55.Qxb8 Qxf3 56.Qe5+ f6 57.Qe6 Qd1
58.Qd7+ Kh6 59.Nc5 g5 60.b4 g4 61.b5 Qe2+ 62.Kb3 Qf3+ 63.Kc4 g3 64.Qh3+ Kg6
65.b6 Qe2+ 66.Kd5 g2 67.Qg3+ Kf5 68.b7 Qa2+ 69.Kc6 Qb2 70.d5 Qe5 71.Qxg2 Qe8+
72.Nd7 Qe3 73.Qc2+ Kg5 74.b8=Q Kh4 75.Qg8 Qf4 76.Qch7+  1-0

[Event "ch-Nassau"]
[Site "Mineola USA"]
[Date "2006.10.23"]
[Round "2"]
[White "Hellenschmidt,A"]
[Black "Felber,J"]
[Result "1/2-1/2"]
[WhiteElo "2059"]
[BlackElo "2065"]

1.d4 Nf6 2.Bg5 Ne4 3.Bf4 d5 4.e3 g6 5.c4 c6 6.Qb3 Bg7 7.f3 Qa5+ 8.Nc3 Nf6
9.Bd3 O-O 10.Kf2 Nbd7 11.cxd5 Nxd5 12.Nxd5 cxd5 13.Ne2 e5 14.Bg3 exd4 15.exd4 Re8
16.Bf4 Nf8 17.Rhc1 Ne6 18.Be3 Qd8 19.g3 Ng5 20.Bb5 Nh3+ 21.Kg2 Bd7 22.Rc3 Bxb5
23.Qxb5 Ng5 24.Nf4 Ne6 25.Qd3 Nxf4+ 26.Bxf4 Qb6 27.Rb3 Qxd4 28.Qxd4 Bxd4
29.Rd1 Re2+ 30.Kh3 Bxb2 31.Rxd5 b6 32.Rd7 Bf6 33.a3 g5 34.Bc7 Rae8 35.g4 R2e3
36.Rdd3 Bd4 37.Bg3 Bc5 38.a4 Rxd3 39.Rxd3 a5 40.Rd5 h6 41.Be5 Kh7 42.Bd4 Bxd4
43.Rxd4 Re3 44.Kg3 Rb3 45.Rd6 Kg7 46.Rc6 f6 47.Rd6 b5 48.axb5 Rxb5 49.Ra6 Kg6
50.Kg2 Kf7 51.Kg3 Kg6  1/2-1/2

[Event "10th Essent Open"]
[Site "Hoogeveen NED"]
[Date "2006.10.24"]
[Round "5"]
[White "Mamedjarova,Z"]
[Black "Grooten,H"]
[Result "1/2-1/2"]
[WhiteElo "2318"]
[BlackElo "2387"]

1.d4 Nf6 2.Bg5 Ne4 3.Bf4 c5 4.f3 Qa5+ 5.c3 Nf6 6.d5 e6 7.e4 d6 8.Na3 exd5
9.exd5 Qd8 10.Bb5+ Bd7 11.Qe2+ Qe7 12.O-O-O Qxe2 13.Nxe2 a6 14.Bxd7+ Kxd7
15.Nc4 Kc7 16.Ng3 b5 17.Ne3 Nbd7 18.b4 c4 19.a4 g6 20.h4 h5 21.Kc2 Bg7 22.Ne2 Nb6
23.a5 Na4 24.Rd2 Kd7 25.Nxc4 bxc4 26.Ra1 Nxc3 27.Nxc3 Ne8 28.Re1 Bxc3 29.Kxc3 Nc7
30.Kxc4 Rac8 31.Kb3 f6 32.Rc1 Nb5 33.Rd3 Rxc1 34.Bxc1 Re8 35.Re3 Re5 36.Kc4 Rf5
37.Rd3 g5 38.hxg5 fxg5 39.g4 hxg4 40.fxg4 Rf1 41.Be3 Rf3 42.Bxg5 Na3+ 43.Kd4 Nc2+
44.Ke4 Rxd3 45.Kxd3 Nxb4+ 46.Ke4 Nc2 47.Bf6 Ke8 48.Bc3 Kf7 49.Bd2 Na3 50.Kf5 Nb5
51.Bb4 Nc7 52.Ke4 Nb5 53.Bd2 Kg6 54.Kd3 Nc7 55.Kc4 Kf6 56.Bf4 Nb5 57.g5+ Kf5
58.Bxd6 Nxd6+ 59.Kc5 Ne4+ 60.Kb6 Ke5 61.Kxa6 Kxd5 62.Kb6 Nd6 63.a6 Ke6 64.Kc5 Nc8
65.Kc6 Kf5 66.Kc7 Na7 67.Kb6 Nc8+ 68.Kb7 Nd6+ 69.Kc7 Nb5+ 70.Kb6 Nd6 71.a7 Nc8+
72.Ka6 Nxa7 73.Kxa7 Kxg5  1/2-1/2

[Event "WYB18"]
[Site "Batumi GEO"]
[Date "2006.10.25"]
[Round "7"]
[White "Banawa,Joe"]
[Black "Golub,D"]
[Result "1-0"]
[WhiteElo "2282"]
[BlackElo "2124"]

1.d4 Nf6 2.Bg5 Ne4 3.Bf4 d5 4.f3 Nd6 5.Nc3 e6 6.e4 c6 7.Bd3 Be7 8.Nge2 Nd7
9.O-O Nf8 10.Kh1 Ng6 11.Bxd6 Qxd6 12.e5 Qc7 13.f4 O-O 14.g4 Nh4 15.Qe1 c5
16.Ng3 cxd4 17.Nb5 Qb6 18.Nh5 Bd7 19.a4 Bxb5 20.axb5 Qd8 21.Ra4 h6 22.Rxd4 g6
23.Ng3 a6 24.bxa6 b5 25.b4 Qb6 26.Ne2 Rxa6 27.g5 hxg5 28.fxg5 Nf5 29.Bxf5 exf5
30.Qh4 Rfa8 31.Rf3 Bf8 32.Nc3 Rc8 33.Kg2 Ra3 34.Nxd5 Rxc2+ 35.Rf2 Qc6 36.Rxc2 Qxc2+
37.Qf2 Qb3 38.Nf6+ Kg7 39.Rh4  1-0

[Event "WYG16"]
[Site "Batumi GEO"]
[Date "2006.10.25"]
[Round "8"]
[White "Corke,A"]
[Black "Fuchs,Ju"]
[Result "1/2-1/2"]
[WhiteElo "2197"]
[BlackElo "2131"]

1.d4 Nf6 2.Bg5 Ne4 3.Bf4 c5 4.f3 Nf6 5.d5 g6 6.e4 Bg7 7.c3 d6 8.Nd2 O-O 9.a4 e6
10.Nc4 exd5 11.exd5 Re8+ 12.Be2 Bf8 13.Qd2 b6 14.Na3 a6 15.c4 Ra7 16.Nb1 Nbd7
17.Nc3 Ne5 18.Kf1 Bg7 19.Bg5 Rb7 20.g3 Bf8 21.Kg2 Bd7 22.h4 Be7 23.Nh3 Nh5
24.Bxe7 Qxe7 25.Nf2 f5 26.f4 Ng4 27.Bxg4 fxg4 28.Rhe1 Qf8 29.Rxe8 Qxe8 30.Re1 Qf8
31.Qd1 Nf6 32.Qd2 Rb8 33.Nce4 Nxe4 34.Nxe4 Bf5 35.Qc3 Bxe4+ 36.Rxe4 Re8 37.Qe3 Rxe4
38.Qxe4 Qf5 39.Qe8+ Kg7 40.Qe7+ Kh6 41.Qg5+ Kg7 42.Qe7+ Kh6 43.Qg5+ Kg7 44.Qe7+  1/2-1/2

[Event "14th Chigorin Mem"]
[Site "St-Petersburg RUS"]
[Date "2006.10.25"]
[Round "3"]
[White "Mingachev,M"]
[Black "Maletin,P"]
[Result "0-1"]
[WhiteElo "2406"]
[BlackElo "2538"]

1.d4 Nf6 2.Bg5 Ne4 3.Bf4 c5 4.f3 Qa5+ 5.c3 Nf6 6.Nd2 cxd4 7.Nb3 Qb6 8.Qxd4 Nc6
9.Qxb6 axb6 10.Nd4 e5 11.Nxc6 exf4 12.Nd4 d5 13.e3 fxe3 14.Ke2 Bd6 15.Kxe3 O-O
16.Bb5 Bd7 17.Bxd7 Nxd7 18.Nge2 Ne5 19.b3 Nc6 20.a4 Rfe8+ 21.Kd3 Re5 22.Rae1 Rae8
23.Nc2 g6 24.g3 Rh5 25.f4 g5 26.fxg5 Ne5+ 27.Ke3 Rxg5 28.Ned4 Ng4+ 29.Kf3 Rc8
30.Nb5 Be5 31.Ne3 Nf6 32.Rc1 Rc6 33.Rhd1 Rh5 34.Nxd5 Kg7 35.Ne3 Rxh2 36.Nf5+ Kf8
37.Rd8+ Ne8 38.Re1 Re6 39.Nfd6 Rf6+ 40.Kg4 Rg6+ 41.Kf3 Rf6+ 42.Kg4 h5+ 43.Kg5 Rg6+
44.Kf5 Rf2+ 45.Kxe5 Re6+ 46.Kd5 Rxe1 47.Nd4 Rf6 48.Ne4 Rg6 49.Ke5 Rg4  0-1

[Event "14th Chigorin Mem B"]
[Site "St-Petersburg RUS"]
[Date "2006.10.25"]
[Round "4"]
[White "Krasnov,Vas"]
[Black "Gavrilenko,V"]
[Result "1-0"]
[WhiteElo "2172"]
[BlackElo "2056"]

1.d4 Nf6 2.Bg5 Ne4 3.Bf4 g5 4.Be5 Nf6 5.h4 g4 6.e3 d6 7.Bxf6 exf6 8.Bd3 h5
9.Ne2 f5 10.c3 Be7 11.g3 Be6 12.Nf4 d5 13.Qc2 Qd7 14.Nd2 c5 15.dxc5 Bxc5
16.Nb3 Bb6 17.O-O-O Nc6 18.Kb1 Rc8 19.Qe2 Qe7 20.Rhe1 Rd8 21.Bb5 Kf8 22.Qc2 Ne5
23.Bf1 Kg7 24.Bg2 Nf3 25.Bxf3 gxf3 26.Nd2 f6 27.Nxf3 Bf7 28.Nd4 Bxd4 29.Rxd4 Qe5
30.Red1 Rd6 31.Qe2 Kh6 32.R1d2 Rhd8 33.Qd1 b5 34.Qb3 a6 35.a4 bxa4 36.Rxa4 Rc6
37.Qb7 Be8 38.Qb4 Bf7 39.Rd4 Rb8 40.Qa3 Rcb6 41.Rab4 Rxb4 42.Rxb4 Rxb4 43.Qxb4 Qe4+
44.Qxe4 fxe4 45.b4 Kg7 46.Kb2 Kf8 47.Ka3 Ke7 48.Ka4 Kd7 49.Ka5 d4 50.exd4 Bc4
51.Kb6 Kd6 52.Nxh5 Ke6 53.Kc5 Bb5 54.g4 f5 55.Nf4+ Kf6 56.g5+ Kg7 57.c4 Ba4
58.b5 a5 59.b6  1-0

[Event "14th Chigorin Mem B"]
[Site "St-Petersburg RUS"]
[Date "2006.10.25"]
[Round "4"]
[White "Sichinava,Z"]
[Black "Beliaev,Va"]
[Result "1-0"]
[WhiteElo "2092"]
[BlackElo "2118"]

1.d4 Nf6 2.Bg5 Ne4 3.Bf4 d5 4.f3 Nf6 5.c3 e6 6.Nd2 Nh5 7.Be3 Bd6 8.Bf2 Nd7
9.e4 Be7 10.e5 c5 11.Ne2 g6 12.f4 b6 13.g4 Ng7 14.Bg2 Bh4 15.O-O Bxf2+ 16.Rxf2 h5
17.c4 Rb8 18.cxd5 exd5 19.Nc3 hxg4 20.Bxd5 Nf5 21.Nce4 Kf8 22.Nc4 b5 23.Ncd6 Qh4
24.Nxf7 g3 25.Nxg3 Ne3 26.Nxh8 Qxh8 27.Qf3 cxd4 28.Nf1 Nb6 29.Nxe3 dxe3 30.Re2 Qh4
31.Rxe3 Bg4 32.Qe4 Rd8 33.Bb3 a5 34.Qxg6 Nc4 35.Bxc4 bxc4 36.e6  1-0

[Event "10th Essent Open"]
[Site "Hoogeveen NED"]
[Date "2006.10.26"]
[Round "7"]
[White "Mamedjarova,Z"]
[Black "Brandenburg,D"]
[Result "0-1"]
[WhiteElo "2318"]
[BlackElo "2421"]

1.d4 Nf6 2.Bg5 Ne4 3.Bf4 c5 4.f3 Qa5+ 5.c3 Nf6 6.d5 Qb6 7.b3 e6 8.e4 exd5
9.exd5 Bd6 10.Bg5 Be7 11.Bc4 O-O 12.Ne2 d6 13.O-O Qd8 14.Be3 Nbd7 15.Ng3 Re8
16.Nd2 b5 17.Bd3 Nxd5 18.Bf2 Nxc3 19.Qc2 b4 20.Bxh7+ Kh8 21.a3 Bf6 22.axb4 Ne2+
23.Nxe2 Bxa1 24.Rxa1 Rxe2 25.Be4 Qf6 26.Rf1 Rb8 27.Qd3 Rxf2 28.Rxf2 Ne5 29.Qe3 Rxb4
30.h3 Nd7 31.Bd5 Qe5 32.Qxe5 Nxe5 33.f4 Nd3 34.Re2 Bb7 35.Bxf7 Nxf4 36.Re8+ Kh7
37.Nc4 d5 38.Nd6 d4 39.Bg8+ Kg6 40.Re7 Bxg2 41.Bc4 Bxh3 42.Ne4 d3 43.Rxa7 Be6
44.Kf2 Bxc4 45.bxc4 Rxc4 46.Ra6+ Kh5 47.Kf3 Nd5 48.Ng3+ Kg5 49.Nf1 Rf4+ 50.Kg2 c4  0-1

[Event "14th Chigorin Mem B"]
[Site "St-Petersburg RUS"]
[Date "2006.10.26"]
[Round "5"]
[White "Sichinava,Z"]
[Black "Stubberud,O"]
[Result "1-0"]
[WhiteElo "2092"]
[BlackElo "2183"]

1.d4 Nf6 2.Bg5 Ne4 3.Bh4 c5 4.f3 Qa5+ 5.c3 Nd6 6.d5 Nc4 7.Qc1 d6 8.e4 Ne5
9.Nd2 b5 10.b4 Qa4 11.bxc5 dxc5 12.Bg3 Nbd7 13.f4 Ng4 14.Ngf3 g6 15.Bd3 Bg7
16.O-O O-O 17.h3 Ngf6 18.Rb1 Ba6 19.Bf2 Rfc8 20.Re1 Rab8 21.g4 Ne8 22.e5 Qxa2
23.e6 fxe6 24.dxe6 Ndf6 25.Re5 Qa5 26.Rxc5 Rxc5 27.Bxc5 Qc7 28.Qa3 Nd5 29.Ne4 Nxf4
30.Qxa6 Nxd3 31.Rxb5 Nxc5 32.Rxc5 Rb1+ 33.Kf2 Qf4 34.Qe2 Qb8 35.Qc4 Rb2+
36.Ke3 Qb6 37.Kd3 Nd6 38.Nxd6 Qxd6+ 39.Ke3 Rb6 40.Rc8+ Bf8 41.Nd4 Qg3+ 42.Ke4 Qxh3
43.Qe2 Qh1+ 44.Ke5 Qh6 45.Qf3 Qg7+ 46.Ke4 h6 47.Nc6 Rb3 48.Re8 Rb7 49.Nd8 Rb6
50.c4 g5 51.Qf7+ Qxf7 52.exf7+ Kg7 53.Ke5 e6 54.Nxe6+ Kxf7 55.Rxf8+ Ke7 56.Rf6 a5
57.Rxh6  1-0

[Event "1st Javier Carpintero Mem"]
[Site "Evora POR"]
[Date "2006.10.28"]
[Round "2"]
[White "Ribeiro,Jos"]
[Black "Khamrakulov,I"]
[Result "0-1"]
[WhiteElo "2103"]
[BlackElo "2527"]

1.d4 Nf6 2.Bg5 Ne4 3.Bf4 e6 4.Nd2 Nxd2 5.Qxd2 Be7 6.e4 O-O 7.Bd3 d5 8.Nf3 Nd7
9.O-O dxe4 10.Bxe4 Nf6 11.Bd3 b6 12.Rfd1 Bb7 13.Qe2 Qc8 14.Bg5 c5 15.c3 cxd4
16.Nxd4 Qc5 17.Bxf6 Bxf6 18.Be4 Bxe4 19.Qxe4 Rad8 20.Nb3 Qb5 21.Qc2 a5 22.Nd2 Qe2  0-1